000 01189nam a2200277Ia 4500
001 ebr10435083
003 CaPaEBR
006 m u
007 cr cn|||||||||
008 100420s2010 mdu sb 001 0 eng d
020 _z9780761853008
040 _aCaPaEBR
_cCaPaEBR
035 _a(OCoLC)698590301
050 1 4 _aKF9223
_b.M67 2010eb
100 1 _aMorn, Frank,
_d1937-
245 1 0 _aForgotten reformer
_h[electronic resource] :
_bRobert Mcclaughry and criminal justice reform in nineteenth-century America /
_cFrank Morn.
260 _aLanham, MD :
_bUniversity Press of America,
_c2010.
300 _axxvi, 374 p.
504 _aIncludes bibliographical references and index.
533 _aElectronic reproduction.
_bPalo Alto, Calif. :
_cebrary,
_d2011.
_nAvailable via World Wide Web.
_nAccess may be limited to ebrary affiliated libraries.
650 0 _aCriminal justice, Administration of
_zUnited States.
650 0 _aJustice, Administration of
_zUnited States.
655 7 _aElectronic books.
_2local
710 2 _aebrary, Inc.
856 4 0 _uhttp://site.ebrary.com/lib/rucke/Doc?id=10435083
_zAn electronic book accessible through the World Wide Web; click to view
999 _c148748
_d148748